| 000 | 00731nam a2200241 i 4500 | ||
|---|---|---|---|
| 001 | 10076 | ||
| 003 | ES-MaACL | ||
| 005 | 20250814063208.0 | ||
| 007 | t| | ||
| 008 | 950206s1990 sp ||||1| spa d | ||
| 020 | _a84-7738-086-4 | ||
| 080 | _a41.01(09) | ||
| 100 | 1 |
_aMarcos Marín, Francisco, _d1946- _976535 |
|
| 245 | 1 | 0 |
_aIntroducción a la lingüística _b: historia y modelos / _cFrancisco Marcos Marín. |
| 260 |
_aMadrid : _bSíntesis, _cD.L. 1990. |
||
| 300 |
_a222 p. ; _c22 cm. |
||
| 490 | 1 | _aLingüística | |
| 504 | _aBibliogr.: p. 211-222. | ||
| 650 | 1 | 4 |
_aLingüística- _xHistoria. _914470 |
| 830 | 0 |
_aLingüística _9178629 |
|
| 852 |
_aES-MaACL _jL-17546 _bR.122914 |
||
| 999 |
_c10076 _d10076 |
||